| 000 | 00534nam a22001937a 4500 | ||
|---|---|---|---|
| 999 |
_c19694 _d19694 |
||
| 003 | AR-CdUCM | ||
| 008 | 190520b ||||| |||| 00| 0 spa d | ||
| 040 |
_aMUNICIPALIDAD PROVINCIAL DEL CUSCO _cBIBLIOTECA MUNICIPAL DEL CUSCO |
||
| 082 |
_a869.50 / _bG31 |
||
| 100 |
_aGaviria, Rafael Humberto _941191 |
||
| 245 | _aOrocué / | ||
| 260 |
_aLima : _bRimac, _c1957. |
||
| 300 |
_a154 páginas ; _c24 cm. |
||
| 505 | _aContenido : Novela. | ||
| 650 |
_aLiteratura _983 |
||
| 650 |
_aNovela _95 |
||
| 942 |
_2ddc _cLIBROS |
||
| 945 | _arcc | ||